000 00480nam a2200181Ia 4500
008 100917s9999 xx 000 0 und d
082 _b64739
100 _aकर्णिक मधुमंगेश
245 _aमांडव
260 _bविश्वसाहित्य प्रकाशन
_c1960
300 _a121
365 _b4
520 _aकथा
630 _aमांडव
650 _aकथा
730 _aमांडव
942 _cBOOK
999 _c670133
_d670130